Электроника для начинающих: пер. с англ.

書目詳細資料
主要作者: Платт Ч. Чарльз
總結:В ходе практических экспериментов рассмотрены основы электроники и показано, как проектировать, отлаживать и изготавливать электронные устройства в домашних условиях. Материал излагается последовательно от простого к сложному, начиная с простых опытов с электрическим током и заканчивая созданием сложных устройств с использованием транзисторов и микроконтроллеров. Описаны основные законы электроники, а также принципы функционирования различных электронных компонентов. Показано, как изготовить охранную сигнализацию для защиты от проникновения в дом, елочные огни, электронные украшения для одежды, устройство преобразования звука, кодовый замок, автономную роботизированную тележку и др. Приведены пошаговые инструкции и более 500 наглядных рисунков и фотографий.
語言:俄语
出版: Санкт-Петербург, БХВ-Петербург, 2014
叢編:Электроника
主題:
格式: 圖書
KOHA link:https://koha.lib.tpu.ru/cgi-bin/koha/opac-detail.pl?biblionumber=344059

MARC

LEADER 00000nam0a2200000 4500
001 344059
005 20231102005626.0
010 |a 9785977506793 
035 |a (RuTPU)RU\TPU\book\375033 
035 |a RU\TPU\book\348454 
090 |a 344059 
100 |a 20191206d2014 km y0rusy50 ca 
101 1 |a rus  |c eng 
102 |a RU 
105 |a a z 001zy 
200 1 |a Электроника для начинающих  |d Make: Electronics  |e пер. с англ.  |f Ч. Платт 
210 |a Санкт-Петербург  |c БХВ-Петербург  |d 2014 
215 |a 459 с.  |c ил. 
225 1 |a Электроника 
320 |a Предметный указатель: с. 457-459 
330 |a В ходе практических экспериментов рассмотрены основы электроники и показано, как проектировать, отлаживать и изготавливать электронные устройства в домашних условиях. Материал излагается последовательно от простого к сложному, начиная с простых опытов с электрическим током и заканчивая созданием сложных устройств с использованием транзисторов и микроконтроллеров. Описаны основные законы электроники, а также принципы функционирования различных электронных компонентов. Показано, как изготовить охранную сигнализацию для защиты от проникновения в дом, елочные огни, электронные украшения для одежды, устройство преобразования звука, кодовый замок, автономную роботизированную тележку и др. Приведены пошаговые инструкции и более 500 наглядных рисунков и фотографий. 
510 1 |a Make: Electronics  |z eng 
606 1 |a Электроника  |2 stltpush  |3 (RuTPU)RU\TPU\subj\20310  |9 45419 
610 1 |a электронные устройства 
610 1 |a проектирование 
610 1 |a изготовление 
610 1 |a светодиоды 
610 1 |a релейные генераторы 
610 1 |a конденсаторы 
610 1 |a включение 
610 1 |a пульсирующий свет 
610 1 |a охранная сигнализация 
610 1 |a микросхемы 
610 1 |a таймеры 
610 1 |a логика 
610 1 |a кодовые замки 
610 1 |a магнетизм 
610 1 |a катушки индуктивности 
610 1 |a искажение 
610 1 |a функционирование 
610 1 |a пошаговые инструкции 
610 1 |a эксперименты 
675 |a 621.38  |v 4 
700 1 |a Платт  |b Ч.  |g Чарльз 
801 1 |a RU  |b 63413507  |c 20161006 
801 2 |a RU  |b 63413507  |c 20200110  |g RCR 
900 |a Электроника 
942 |c BK